000 02469nas1a22004091 4500
001 RU\NLR\BIBL_A\022582982
005 20260409070051.0
011 _a2304-9820
035 _a(NLR Aleph) 022582982
090 _a13464611
_c13464611
100 _a20260201 rusy50
101 0 _arus
102 _aRU
110 _aayuzz 0|y|
181 0 _ai
_baxxe
182 0 _an
200 1 _aСборник научных трудов КНЦЗВ
_dCollection of KRCAHVM
_fФедеральное государственное бюджетное научное учреждение "Краснодарский научный центр по зоотехнии и ветеринарии"
_zeng
203 _aТекст
_bвизуальный
_cнепосредственный
210 _aКраснодар
_c[б. и.]
_d2024 -
300 _aВ надзаг. также: Министерство науки и высшего образования Российской Федерации
311 _aРанее выходил как: Северо-Кавказский НИИ животноводства. Сборник научных трудов
430 0 _12001#$a2304-9820
_12001#$aСборник научных трудов
_171002$aСеверо-Кавказский НИИ животноводства$3RU\NLR\AUTH\889919221
_tСборник научных трудов
_aСеверо-Кавказский НИИ животноводства
510 1 _aCollection of KRCAHVM
_zeng
510 1 _aCollection scientific papers of KRCAHVM
_zeng
606 1 _aЖивотноводство
_jПериодические издания
_91041356
_3RU\NLR\AUTH\6683124
606 _aКорма и кормление
_jПериодические издания
_91141978
_3RU\NLR\AUTH\66136208
606 1 _aВетеринария
_jПериодические издания
_9939599
_3RU\NLR\AUTH\6628749
686 1 _aП22я54
686 1 _aП5я54
686 1 _aП8я54
710 0 2 _aКраснодарский научный центр по зоотехнии и ветеринарии
_9707755
_3RU\NLR\AUTH\880523249
852 _aNLR
_jП13/1446
942 _cJOURNAL
980 _aRUSPER
980 _aNB